North Dakota Counties by Population - Statistics

General Stats
  • This quiz has been taken 51 times
  • The average score is 35 of 53
Answer Stats
Population County % Correct
186,562 Cass
100%
98,933 Burleigh
97%
72,705 Grand Forks
93%
69,071 Ward
83%
38,484 Williams
83%
21,576 Stutsman
79%
33,611 Morton
76%
11,572 Ramsey
76%
16,560 Richland
76%
33,046 Stark
76%
13,819 McKenzie
72%
10,806 Barnes
69%
690 Slope
69%
8,003 Traill
66%
2,167 Adams
62%
5,809 Benson
62%
955 Billings
62%
6,390 Bottineau
62%
2,903 Bowman
62%
3,662 Cavalier
62%
4,897 Dickey
62%
2,188 Divide
62%
3,271 Emmons
62%
1,770 Golden Valley
62%
2,430 Hettinger
62%
2,369 Kidder
62%
9,796 McLean
62%
9,576 Mountrail
62%
1,873 Oliver
62%
3,829 Sargent
62%
1,268 Sheridan
62%
2,140 Towner
62%
10,469 Walsh
62%
2,158 Burke
59%
2,337 Eddy
59%
2,323 Grant
59%
4,066 LaMoure
59%
1,883 Logan
59%
5,249 McHenry
59%
2,513 McIntosh
59%
8,323 Mercer
59%
3,054 Nelson
59%
6,767 Pembina
59%
3,953 Pierce
59%
5,675 Ransom
59%
2,266 Renville
59%
12,048 Rolette
59%
3,738 Sioux
59%
3,905 Wells
59%
4,035 Dunn
55%
3,364 Foster
55%
2,281 Griggs
55%
1,810 Steele
55%
No matching quizzes found
Score Distribution
Percent of People with Each Score
Percentile by Number Answered
Your Score History
You have not taken this quiz